| 000 | 00474nam a22001937a 4500 | ||
|---|---|---|---|
| 003 | Ost | ||
| 005 | 20220829232812.0 | ||
| 008 | 220829b |||||||| |||| 00| 0 eng d | ||
| 020 | _aNA | ||
| 040 | _cBT-PhCST | ||
| 050 | _a4351 | ||
| 082 |
_222 _a658.421 |
||
| 100 | _aBrandt, Steven C. | ||
| 245 |
_aEntrepreneuring : _bthe 10 commandments for building a growth company / |
||
| 250 | _a3rd ed. | ||
| 260 |
_bMamillan, _cc1999. |
||
| 300 |
_a0 _bill. ; |
||
| 942 |
_2ddc _cMAG |
||
| 999 |
_c2453 _d2453 |
||